[Event "AUTO-OPEN-1445"]
[Site "http://www.queenalice.com/game.php?id=639909"]
[Date "2009.8.21"]
[Round "2"]
[White "Lorfman"]
[Black "erdnaxela"]
[Result "1-0"]
[WhiteElo "2674"]
[BlackElo "1685"]

1. e4 e5 2. Nf3 d6 3. d4 Bg4 4. dxe5 dxe5 5. Qxd8+ Kxd8 6. Nxe5 Be6 7. Nc3 f6 8.
Nd3 Bb4 9. Nxb4 c5 10. Nbd5 Bxd5 11. Nxd5 Nc6 12. Be3 b6 13. O-O-O Kc8 14. Ba6+
Kb8 15. Bf4+ Ne5 16. Nxf6 Nxf6 17. Bxe5# 1-0

[Event "AUTO-OPEN-1889"]
[Site "http://www.queenalice.com/game.php?id=735811"]
[Date "2010.2.22"]
[Round "1"]
[White "Lopesq"]
[Black "erdnaxela"]
[Result "1-0"]
[WhiteElo "1760"]
[BlackElo "1643"]

1. Nf3 d5 2. d4 Nc6 3. c3 Bg4 4. Nbd2 Qd6 5. e3 a6 6. Be2 Nf6 7. h3 Bh5 8. O-O
h6 9. Nh4 Bxe2 10. Qxe2 O-O-O 11. Nf5 Qe6 12. Ng3 g5 13. Nb3 Ne4 14. Nxe4 Qxe4
15. Nc5 Qg6 16. b4 e5 17. Qg4+ f5 18. Qf3 e4 19. Qe2 Bxc5 20. dxc5 b5 21. Bb2
Rhe8 22. a4 bxa4 23. Rxa4 Nb8 24. b5 Re6 25. b6 c6 26. Rxa6 Nxa6 27. Qxa6+ Kd7
28. Qa7+ Ke8 29. b7 Re7 30. Qa8 Rxb7 31. Qxb7 Rd7 32. Qb8+ Rd8 33. Qe5+ Kd7 34.
Ra1 Re8 35. Ra7+ Kd8 36. Qb8# 1-0

[Event "AUTO-OPEN-1889"]
[Site "http://www.queenalice.com/game.php?id=735812"]
[Date "2010.2.22"]
[Round "1"]
[White "erdnaxela"]
[Black "Lopesq"]
[Result "0-1"]
[WhiteElo "1605"]
[BlackElo "1785"]

1. e4 c5 2. Bc4 e6 3. Nf3 Nc6 4. O-O a6 5. Nc3 d6 6. d4 cxd4 7. Nxd4 Be7 8. Nxc6
bxc6 9. Qf3 Nf6 10. h3 e5 11. Bg5 Be6 12. Bxe6 fxe6 13. g4 O-O 14. b4 Nd7 15.
Bxe7 Qxe7 16. Qd1 Rad8 17. f3 d5 18. a3 d4 19. Na4 Qh4 20. Kh2 Rf4 21. Qe1 Qf6
22. Qg3 Rf8 23. Kg2 Qd8 24. c4 Qe7 25. c5 Qd8 26. Nb2 Qf6 27. Nd3 Qg5 28. Nxf4
exf4 29. Qe1 Ne5 30. h4 Qf6 31. g5 Qg6 32. Qd1 Qh5 33. Kh3 Nc4 34. Qd3 Ne3 35.
Rf2 Qg6 36. Qxa6 e5 37. a4 Qe6+ 38. Kh2 Qg6 39. a5 Qh5 40. Kh3 Qg6 41. Qb7 Qe6+
42. Kh2 Ng4+ 43. Kg2 Nxf2 44. Kxf2 Qh3 45. Rg1 Qxh4+ 46. Kf1 Qh3+ 47. Ke1 Qxf3
48. Qxc6 Qe3+ 49. Kf1 Qf3+ 50. Ke1 Qc3+ 51. Ke2 Qc2+ 52. Kf1 Qc1+ 53. Kf2 Qe3+
54. Kg2 Qg3+ 55. Kf1 Qf3+ 56. Ke1 d3 57. Qe6+ Kh8 58. Qa2 Qe3+ 59. Kf1 d2 60.
Kg2 f3+ 61. Kh1 f2 62. Qa1 Qh3# 0-1

[Event "AUTO-OPEN-1889"]
[Site "http://www.queenalice.com/game.php?id=735837"]
[Date "2010.2.22"]
[Round "1"]
[White "MC"]
[Black "erdnaxela"]
[Result "1-0"]
[WhiteElo "1690"]
[BlackElo "1618"]

1. Nf3 d5 2. e3 c6 3. Ne5 f6 4. Qh5+ g6 5. Nxg6 hxg6 6. Qxh8 Nh6 7. Bd3 Bf5 8.
Bxf5 gxf5 9. Qh7 Qd6 10. Qg6+ Kd8 11. b3 Qe5 12. c3 Nd7 13. Ba3 b5 14. Bb4 c5
15. Ba5+ Kc8 16. Qe8+ Kb7 17. Qxd7+ Ka6 18. Qc6+ Kxa5 19. Qxa8 Qc7 20. Qxf8 Ng4
21. Na3 b4 22. cxb4+ cxb4 23. Nb5 Kxb5 24. a4+ Ka5 25. h4 f4 26. Qe8 a6 27. exf4
e5 28. fxe5 Nxe5 29. Rh3 Nc6 30. Re3 d4 31. Qh5+ Ne5 32. Re4 Qc5 33. Qe2 d3 34.
Qh5 Qc2 35. Rxe5+ fxe5 36. Qxe5+ Kb6 37. Qe6+ Kb7 38. h5 Qb2 39. Rd1 Qh8 40. h6
Kc7 41. Rc1+ Kb7 42. Qd5+ Kb8 43. Qd6+ Ka8 44. Qxa6+ Kb8 45. Qxd3 Qxh6 46. Qd8+
Kb7 47. Rc7+ Ka6 48. Qc8+ Ka5 49. Ra7+ Qa6 50. Qc5# 1-0

[Event "AUTO-OPEN-1889"]
[Site "http://www.queenalice.com/game.php?id=735838"]
[Date "2010.2.22"]
[Round "1"]
[White "erdnaxela"]
[Black "MC"]
[Result "0-1"]
[WhiteElo "1632"]
[BlackElo "1680"]

1. e4 Nf6 2. Nc3 e5 3. a3 g5 4. g4 Bc5 5. h3 a6 6. Nf3 Nc6 7. Bc4 h6 8. h4 Nxg4
9. d4 exd4 10. Nd5 b5 11. Bb3 d3 12. Ne3 Nxe3 13. Bxe3 Ba7 14. Bxa7 Rxa7 15.
Qxd3 g4 16. Nd4 Qf6 17. Nxc6 Qxc6 18. Bd5 Qf6 19. c3 d6 20. O-O-O Kf8 21. Qe3 c5
22. b4 Re7 23. bxc5 dxc5 24. Qxc5 Be6 25. Bxe6 fxe6 26. Rd8+ Kf7 27. Rxh8 Qxh8
28. Rd1 Qf6 29. Qh5+ Kg7 30. Qxg4+ Kh7 31. Rd8 Rg7 32. Qd1 Qxc3+ 33. Qc2 Qxa3+
34. Kd2 Qa5+ 35. Qc3 Qxd8+ 36. Ke2 Qxh4 37. f3 Rg2+ 38. Ke3 Qg5+ 39. Kd3 h5 40.
Qc7+ Qg7 41. Qb6 Qd7+ 42. Qd4 Rd2+ 43. Kxd2 Qxd4+ 44. Ke2 b4 0-1

[Event "AUTO-OPEN-1889"]
[Site "http://www.queenalice.com/game.php?id=735853"]
[Date "2010.2.22"]
[Round "1"]
[White "william_1987br"]
[Black "erdnaxela"]
[Result "1-0"]
[WhiteElo "1631"]
[BlackElo "1596"]

1. e4 e5 2. Nf3 d6 3. Bc4 h6 4. Nc3 c6 5. O-O b5 6. Bb3 c5 7. Nxb5 Nc6 8. c3 a6
9. Na3 Bg4 10. h3 Bh5 11. g4 Bg6 12. Bd5 Rc8 13. d3 Nge7 14. Be3 Qb6 15. Rb1 Rb8
16. Nc4 Qd8 17. Qa4 Nxd5 18. exd5 Bxd3 19. Qxc6+ Qd7 20. Qxa6 Bxf1 21. Rxf1 g5
22. b4 cxb4 23. cxb4 Rxb4 24. Nb6 Qb5 25. Qc8+ Ke7 26. Rc1 Kf6 27. Nd7+ Kg7 28.
Bb6 Be7 29. Qc7 Bd8 30. Qxd6 Bxb6 31. Qf6+ Kg8 32. Rc8+ Kh7 33. Qxf7# 1-0

[Event "AUTO-OPEN-1889"]
[Site "http://www.queenalice.com/game.php?id=735854"]
[Date "2010.2.22"]
[Round "1"]
[White "erdnaxela"]
[Black "william_1987br"]
[Result "1-0"]
[WhiteElo "1614"]
[BlackElo "1621"]

1. e4 e5 2. Nf3 Nc6 3. Bb5 Nf6 4. Bxc6 bxc6 5. Nxe5 Qe7 6. Ng4 Nxe4 7. Qe2 d5 8.
f3 Nc5 9. Qxe7+ Bxe7 10. Ne5 Bb7 11. d4 Ne6 12. c3 Bg5 13. Bxg5 f6 14. Bxf6 gxf6
15. Ng4 f5 16. Ne5 Nf4 17. g3 Ng2+ 18. Kf2 Nh4 19. gxh4 O-O-O 20. Nf7 a5 21.
Nxh8 Rxh8 22. Nd2 Re8 23. Rhg1 Ba6 24. Rae1 Kd7 25. Rxe8 Kxe8 26. Rg7 h5 27.
Rxc7 a4 28. Rxc6 Bb5 29. Rc5 Bd7 30. Rxd5 f4 31. Ne4 Be6 32. Re5 Ke7 33. Ng5 a3
34. b4 Kd6 35. Rxe6+ Kd7 36. d5 Kc7 37. d6+ Kd7 38. Rh6 Kc6 39. c4 Kb6 40. d7+
Kc7 41. Rh7 Kd8 42. Ne6# 1-0

[Event "AUTO-INT-1698"]
[Site "http://www.queenalice.com/game.php?id=774660"]
[Date "2010.5.12"]
[Round "1"]
[White "erdnaxela"]
[Black "Catamarca"]
[Result "0-1"]
[WhiteElo "1632"]
[BlackElo "1444"]

1. e4 d6 2. Nf3 e5 3. h3 f5 4. exf5 Bxf5 5. g4 Bg6 6. h4 h6 7. h5 Bh7 8. Nc3 Nf6
9. Bh3 e4 10. Qe2 d5 11. Ne5 Bd6 12. f4 Nbd7 13. Qb5 O-O 14. Nxd5 Nxd5 15. Nxd7
Qh4+ 16. Kd1 Nxf4 17. Bg2 Qxg4+ 18. Ke1 Nxg2# 0-1

[Event "AUTO-INT-1698"]
[Site "http://www.queenalice.com/game.php?id=774661"]
[Date "2010.5.12"]
[Round "1"]
[White "Catamarca"]
[Black "erdnaxela"]
[Result "1-0"]
[WhiteElo "1662"]
[BlackElo "1634"]

1. d4 d5 2. Bf4 Nf6 3. e3 Bg4 4. Be2 Bxe2 5. Nxe2 h6 6. Nbc3 g5 7. Bg3 a6 8. Be5
Bg7 9. Bxf6 Bxf6 10. O-O O-O 11. g4 Nc6 12. Ng3 Nb4 13. a3 Nc6 14. Qf3 e6 15.
Nh5 Be7 16. Qh3 b5 17. f4 b4 18. f5 e5 19. f6 Bd6 20. Nxd5 exd4 21. Nhf4 Kh7 22.
axb4 Bxb4 23. Nd3 Qxd5 24. Rf5 Qe4 25. Nf2 Qxe3 26. Rf3 Qe2 27. c3 Qxb2 28. Rf1
Bxc3 29. Ne4 Ne5 30. Nxg5+ Kg6 31. Qh5# 1-0

[Event "AUTO-INT-1698"]
[Site "http://www.queenalice.com/game.php?id=774664"]
[Date "2010.5.12"]
[Round "1"]
[White "erdnaxela"]
[Black "fabioferroni"]
[Result "1-0"]
[WhiteElo "1630"]
[BlackElo "1270"]

1. e4 e5 2. Nf3 Nc6 3. Bb5 Nf6 4. Bxc6 dxc6 5. Nxe5 Qd4 6. Nd3 Qxe4+ 7. Qe2
Qxe2+ 8. Kxe2 Bd6 9. Re1 O-O 10. Kd1 Bxh2 11. g3 Ng4 12. Rh1 Bf5 13. Ke2 Rfe8+
14. Kd1 Bxd3 15. cxd3 Nxf2+ 16. Kc2 Nxh1 17. Nc3 Bxg3 18. b3 Re1 19. Nd1 f5 20.
Ne3 f4 21. Ng2 Re5 22. d4 Rd5 23. Kc3 1-0

[Event "AUTO-INT-1698"]
[Site "http://www.queenalice.com/game.php?id=774665"]
[Date "2010.5.12"]
[Round "1"]
[White "fabioferroni"]
[Black "erdnaxela"]
[Result "1-0"]
[WhiteElo "1474"]
[BlackElo "1614"]

1. f4 f5 2. Nc3 e6 3. e4 fxe4 4. Nxe4 d5 5. Ng5 h6 6. Qh5+ Kd7 7. Nf7 Qe8 8.
Ne5+ Ke7 9. Qh4+ Kd6 10. c4 Be7 11. Qg3 g5 12. f5 Qh5 13. Ng6+ e5 14. Qxe5+ Kc5
15. Qxd5+ Kb4 16. Qb5# 1-0

[Event "AUTO-INT-1753"]
[Site "http://www.queenalice.com/game.php?id=801337"]
[Date "2010.7.10"]
[Round "1"]
[White "erdnaxela"]
[Black "botoyvas02"]
[Result "1-0"]
[WhiteElo "1608"]
[BlackElo "1364"]

1. e4 e5 2. Nf3 Nc6 3. Bb5 a6 4. Bxc6 dxc6 5. Nxe5 f6 6. Nf3 Bd7 7. d3 Be7 8.
Nc3 b5 9. a4 Be6 10. e5 fxe5 11. Nxe5 Bd7 12. Qf3 1-0

[Event "AUTO-INT-1753"]
[Site "http://www.queenalice.com/game.php?id=801338"]
[Date "2010.7.10"]
[Round "1"]
[White "botoyvas02"]
[Black "erdnaxela"]
[Result "0-1"]
[WhiteElo "1358"]
[BlackElo "1614"]

1. e4 e5 2. Nf3 d6 3. d4 f6 4. d5 c5 5. dxc6 bxc6 6. Be2 Ba6 7. Bxa6 Nxa6 8. O-O
Nb4 9. Nc3 Ne7 10. Bd2 a5 11. a3 Na6 0-1

[Event "AUTO-INT-1822"]
[Site "http://www.queenalice.com/game.php?id=834547"]
[Date "2010.9.18"]
[Round "1"]
[White "yannigator"]
[Black "erdnaxela"]
[Result "0-1"]
[WhiteElo "1484"]
[BlackElo "1638"]

1. e4 e5 2. f4 exf4 3. Nf3 Qe7 4. e5 Nc6 5. d4 d5 6. Bxf4 f6 7. Be2 Bg4 8. O-O
g5 9. exf6 Qxf6 10. Bxc7 Nge7 11. Be5 Nxe5 12. Nxe5 Bf5 13. Bh5+ Ng6 14. Qe2
O-O-O 15. Nxg6 hxg6 16. Bg4 Qxd4+ 0-1

[Event "AUTO-INT-1822"]
[Site "http://www.queenalice.com/game.php?id=834548"]
[Date "2010.9.18"]
[Round "1"]
[White "erdnaxela"]
[Black "yannigator"]
[Result "0-1"]
[WhiteElo "1644"]
[BlackElo "1591"]

1. e4 e6 2. Nf3 d5 3. e5 c5 4. d4 Qb6 5. b3 Nc6 6. dxc5 Bxc5 7. Qd2 Nge7 8. g4
O-O 9. Ba3 Bxa3 10. Nxa3 Qa5 11. Qxa5 Nxa5 12. Nb5 a6 13. Nbd4 Ng6 14. Ne2 Nc6
15. Bh3 Ngxe5 16. Nxe5 Nxe5 17. f4 Nf3+ 18. Kf2 Nh4 19. f5 exf5 20. gxf5 Bxf5
21. Bxf5 Nxf5 22. Rad1 Rad8 23. Nd4 Nxd4 24. Rxd4 Rfe8 25. c4 dxc4 26. Rxd8 Rxd8
27. bxc4 Rd2+ 28. Ke3 Rxa2 29. Rd1 Kf8 30. Rd7 Rxh2 31. Rxb7 a5 32. Ra7 Ra2 33.
c5 Ke8 34. c6 Kd8 35. Kd4 a4 36. Kc3 a3 37. Kb3 Ra1 38. c7+ Kc8 39. Kb4 a2 40.
Kb3 h5 41. Kb4 Rb1+ 42. Kc5 Rc1+ 43. Kd6 a1=Q 44. Rxa1 Rxa1 45. Ke5 Kxc7 46. Kf5
Kd6 47. Kg5 Ke5 48. Kxh5 Kf4 49. Kh4 Rh1# 0-1

[Event "AUTO-INT-1822"]
[Site "http://www.queenalice.com/game.php?id=834563"]
[Date "2010.9.18"]
[Round "1"]
[White "donnybaby"]
[Black "erdnaxela"]
[Result "1-0"]
[WhiteElo "1742"]
[BlackElo "1626"]

1. e3 e5 2. c3 Nc6 3. b4 a6 4. Ne2 d6 5. h3 b5 6. a4 bxa4 7. Rxa4 Bd7 8. Ra1 g6
9. h4 h5 10. d4 e4 11. Nd2 f5 12. Nf4 Nge7 13. Qb3 a5 14. d5 Ne5 15. Rxa5 Rxa5
16. bxa5 c5 17. Nc4 Nxc4 18. Bxc4 Qxa5 19. O-O Ba4 20. Qb8+ Kf7 21. Bd2 Bg7 22.
Qxd6 Rh6 23. Qe6+ Kf8 24. Qa6 Qxa6 25. Bxa6 Bb3 26. c4 g5 27. Ne6+ Kf7 28. Nxg5+
Kg8 29. Ne6 Bf6 30. g3 Rg6 31. Nxc5 Bc2 32. Kh2 Rg4 33. d6 Nc6 34. Bc8 Rg7 35.
Bxf5 Ne5 36. Bxe4 Bxe4 37. Nxe4 Bd8 38. c5 Nf3+ 39. Kh1 Rg4 40. Ba5 Rxe4 41.
Bxd8 Rc4 42. Bb6 Nd2 43. Rd1 Ne4 44. Kg2 Nxc5 45. Bxc5 Rxc5 46. d7 1-0

[Event "AUTO-INT-1822"]
[Site "http://www.queenalice.com/game.php?id=834564"]
[Date "2010.9.18"]
[Round "1"]
[White "erdnaxela"]
[Black "donnybaby"]
[Result "0-1"]
[WhiteElo "1615"]
[BlackElo "1785"]

1. e4 e6 2. Nf3 c6 3. Nc3 g5 4. d3 g4 5. Ne5 h5 6. g3 d6 7. Nc4 b5 8. Ne3 a5 9.
a4 b4 10. Ne2 e5 11. b3 h4 12. gxh4 Rxh4 13. Ng3 Nf6 14. f3 gxf3 15. Qxf3 Ng4
16. Nxg4 Bxg4 17. Qe3 Bh6 18. Qf2 Bxc1 19. Rxc1 Qg5 20. Rb1 c5 21. c4 Nc6 22. h3
Be6 23. Rg1 Qf4 24. Qxf4 exf4 25. Ne2 O-O-O 26. Bg2 Bxh3 27. Bxh3+ Rxh3 28. Nxf4
Rf3 29. Rf1 Rxf1+ 30. Kxf1 Nd4 31. Kf2 Rh8 32. Nd5 Rh2+ 33. Kg3 Rd2 34. Nf4 Rc2
35. Kg4 Rc3 36. Kg5 Rxb3 37. Rxb3 Nxb3 38. Kf6 Nd4 39. Kxf7 b3 40. Nd5 Ne2 41.
d4 cxd4 42. Nb6+ Kd8 43. c5 b2 44. cxd6 b1=Q 45. Nd5 Qxe4 46. Nf6 Qf5 47. d7 d3
48. Kg7 d2 49. Kf7 d1=Q 50. Kg7 Qd4 0-1

[Event "AUTO-INT-1822"]
[Site "http://www.queenalice.com/game.php?id=834573"]
[Date "2010.9.18"]
[Round "1"]
[White "Altos"]
[Black "erdnaxela"]
[Result "0-1"]
[WhiteElo "1624"]
[BlackElo "1628"]

1. e4 e5 2. Bc4 Nf6 3. d3 Nc6 4. Bd2 h6 5. Nf3 d6 6. Bc3 Bg4 7. h3 Bh5 8. Qd2
Bxf3 9. gxf3 Be7 10. d4 O-O 11. dxe5 Nxe5 12. Be2 c5 13. Rg1 g5 14. Qe3 a6 15.
Nd2 Qc7 16. Nb3 c4 17. Nd4 b5 18. Nf5 Kh7 19. Nxe7 Qxe7 20. f4 gxf4 21. Qxf4 Rg8
22. O-O-O Rxg1 23. Rxg1 Rg8 24. Rxg8 Nxg8 25. Qf5+ Ng6 26. Bh5 Qg5+ 27. Qxg5
hxg5 28. Bd2 Nf4 0-1